[Event "FISCA Online op"]
[Site "Chess.com INT"]
[Date "2020.06.19"]
[Round "1"]
[White "Paulet, Elena Cristiana"]
[Black "Ceres, Dragos"]
[Result "0-1"]
[WhiteElo "1308"]
[BlackElo "2244"]
[PlyCount "56"]
[EventDate "2020.06.19"]
[EventType "swiss"]
[EventRounds "9"]
[EventCountry "ROU"]
[SourceTitle "CBM 197 Extra"]
[Source "ChessBase"]
[SourceDate "2020.09.30"]
[SourceVersion "1"]
[SourceVersionDate "2020.09.30"]
[SourceQuality "1"]

1. d4 Nf6 2. Bf4 e6 3. e3 b6 4. Nf3 Bb7 5. Nbd2 Be7 6. Bd3 0-0 7. h3 c5 8. c3 Nc6 9. 0-0 d6 10. Qc2 Rc8 11. dxc5 bxc5 12. e4 h6 13. e5 dxe5 14. Nxe5 Nxe5 15. Bxe5 Qd5 16. Nf3 c4 17. Be2 Rfd8 18. Rfd1 Qa5 19. Bh2 Be4 20. Qc1 Rxd1+ 21. Qxd1 Qb6 22. Qc1 Bc5 23. Bg3 Bd3 24. Kf1 Ne4 25. Ne5 Bxf2 26. Bh2 Be3 27. Qd1 Qxb2 28. Qe1 Nd2+ 0-1

[Event "ROM-ch U14 Girls"]
[Site "Calimanesti Caciulata"]
[Date "2019.04.17"]
[Round "3"]
[White "Chirila, Carmen Maria"]
[Black "Paulet, Elena Cristiana"]
[Result "0-1"]
[WhiteElo "1036"]
[BlackElo "1156"]
[PlyCount "80"]
[EventDate "2019.04.15"]
[EventType "swiss"]
[EventRounds "9"]
[EventCountry "ROU"]
[SourceTitle "CBM 190 Extra"]
[Source "ChessBase"]
[SourceDate "2019.07.15"]
[SourceVersion "1"]
[SourceVersionDate "2019.07.15"]
[SourceQuality "1"]

1. e4 c6 2. d4 d5 3. e5 Bf5 4. Nf3 e6 5. g3 Ne7 6. Nh4 Bg6 7. Nxg6 hxg6 8. Nd2 Nd7 9. Bd3 c5 10. c3 Nc6 11. Nf3 cxd4 12. Nxd4 Ndxe5 13. Nf3 Nxd3+ 14. Qxd3 e5 15. Qe2 f6 16. 0-0 Bd6 17. b3 Kf7 18. Qb5 Qa5 19. Qxb7+ Ne7 20. Bd2 Qb6 21. Qxb6 axb6 22. a4 Rh7 23. Rfe1 Rah8 24. c4 e4 25. Nh4 g5 26. Ng2 Rxh2 27. Kf1 Rh1+ 28. Ke2 Rxe1+ 29. Rxe1 dxc4 30. bxc4 Ra8 31. Rd1 Be5 32. Ne3 Rxa4 33. Rb1 Bd4 34. Rc1 f5 35. f4 exf3+ 36. Kxf3 Ke6 37. Nc2 Bc5 38. Ne3 Nc6 39. g4 Ne5+ 40. Kg3 f4+ 0-1

[Event "ROM-ch U12 Girls"]
[Site "Calimanesti"]
[Date "2018.03.29"]
[Round "4"]
[White "Paulet, Elena Cristiana"]
[Black "Virgolici, Diana Maria"]
[Result "1-0"]
[WhiteElo "1014"]
[BlackElo "1133"]
[PlyCount "37"]
[EventDate "2018.03.27"]
[EventType "swiss"]
[EventRounds "9"]
[EventCountry "ROU"]
[SourceTitle "CBM 183 Extra"]
[Source "ChessBase"]
[SourceDate "2018.04.19"]
[SourceVersion "1"]
[SourceVersionDate "2018.04.19"]
[SourceQuality "1"]

1. c4 e5 2. Nc3 Nf6 3. g3 d5 4. cxd5 Nxd5 5. Bg2 c6 6. Nf3 Nd7 7. 0-0 f5 8. d3 Bb4 9. Qb3 Nc5 10. Qc4 b5 11. Qh4 Qxh4 12. Nxh4 e4 13. Nxd5 cxd5 14. dxe4 Nxe4 15. Rd1 Be6 16. Be3 0-0 17. Rac1 h6 18. Ng6 Kh7 19. Nxf8+ 1-0